Mort subite - Les films d'Alfred Hitchcock - Statistiques

Statistiques générales
  • Ce quiz a été pris 349 fois
  • Le résultat moyen est 8 sur 16
Answers on the Grid
Answers color-coded by a green-red scale on the quiz's grid according to % correct below.
Les 39 Marches
Mr. Brooks
Psychose
Fenêtre sur cour
Sueurs froides
Les Oiseaux
La Mort aux trousses
La Corde
Le crime était presque parfait
Rebecca
L'ombre d'un doute
Mais qui a tué Harry ?
Agent secret
Le Ring
L'homme qui en savait trop
L'Inconnu du Nord-Express
Frenzy
Identity
Mulholland Drive
Assurance sur la mort
Boulevard du crépuscule
Les dents de la mer
M le maudit
Ant-Man et la Guêpe : Quantumania
Le Beau-père
L'Étrangleur de la place Rillington
Hantise
Hitchcock/Truffaut
Charade
La Nuit du chasseur
Rosemary's Baby
Le troisième homme
 
Statistiques - réponses
Réponse % Correct
Psychose
87%
Les Oiseaux
81%
Fenêtre sur cour
76%
La Mort aux trousses
73%
Sueurs froides
73%
Le crime était presque parfait
63%
La Corde
59%
L'homme qui en savait trop
59%
L'Inconnu du Nord-Express
50%
Rebecca
49%
Les 39 Marches
48%
Mais qui a tué Harry ?
35%
Frenzy
32%
L'ombre d'un doute
29%
Agent secret
10%
Le Ring
7%
Aucun quiz correspondant
Distribution des résultats
% des personnes avec chaque résultat
Percentile par nombre de réponses
Votre historique - résultats
Vous n’avez pas pris ce quiz